| 000 | 00867cam a22002651 4500 | ||
|---|---|---|---|
| 001 | sa 68004963 | ||
| 003 | DLC | ||
| 005 | 20260227112505.0 | ||
| 008 | 711216s1967 pk b 000 0 eng | ||
| 010 | _asa 68004963 | ||
| 025 | _aPL480:P-E-1389 | ||
| 040 |
_aDLC _cDLC _dDLC |
||
| 043 | _aa-ii--- | ||
| 050 | 0 | 0 |
_aDS475.1 _b.A34 |
| 100 | 0 |
_aAbdul Hamid _c(Professor) |
|
| 245 | 1 | 0 |
_aMuslim separatism in India; _ba brief survey, 1858-1947. |
| 260 |
_a[Lahore] _bOxford University Press, _c1967. |
||
| 300 |
_axv, 263, xi p. _c22 cm. |
||
| 350 | _aRs12.50 | ||
| 500 | _a"Published under the auspices of the Social Sciences Research Centre, University of the Panjab." | ||
| 504 | _aBibliography: p. 262-263. | ||
| 650 | 0 |
_aMuslims _zIndia. |
|
| 651 | 0 |
_aIndia _xPolitics and government. |
|
| 710 | 2 |
_aUniversity of the Punjab. _bSocial Sciences Research Centre. |
|
| 999 |
_c80462 _d80462 |
||